000 00788cam a22002533a 4500
001 33102
003 PGUSA
005 20140828083721.0
008 100707s2010||||xxu|||||s|||||000 | eng d
040 _aPGUSA
_beng
042 _adc
050 4 _aRM
100 1 _aAppel, Toby A.,
_d1945-
245 1 0 _aBloodletting Instruments in the National Museum of History and Technology
_h[electronic resource] /
_cToby A. Appel
260 _bProject Gutenberg,
_c2010
506 _aPublic domain in the USA.
516 _aElectronic text
653 _aPhlebotomy -- History
653 _aNational Museum of History and Technology
653 _aPhlebotomy -- Instruments -- Catalogs
830 0 _aProject Gutenberg
_v33102
856 4 0 _uhttp://www.gutenberg.org/ebooks/33102
942 _cEB
999 _c262357
_d262357